| 000 | 00708cam a2200229 a 4500 | ||
|---|---|---|---|
| 001 | 000008032 | ||
| 005 | 20200929154413.0 | ||
| 008 | 760716s1975 sp 001 f spa | ||
| 020 | _a8432505218 | ||
| 040 |
_aDO-SdBNP _cDLC _dDLC |
||
| 082 |
_a868.5 _bR788d |
||
| 100 | 1 |
_aRos de Olano, Antonio, _d1808-1886 _921938 |
|
| 245 | 1 | 3 |
_aEl doctor Lañuela / _cGeneral Ros de Olano. |
| 260 |
_aMadrid : _bDoncel, _c1975. |
||
| 300 |
_a154 p. ; _c18 cm. |
||
| 490 | 1 |
_aEl Libro de bolsillo Doncel _v73 |
|
| 650 | 4 |
_aLiteratura española _9632 |
|
| 650 | 4 |
_aPoesía española _9631 |
|
| 650 | 4 |
_aNovela española _91123 |
|
| 830 | 0 |
_aEl Libro de bolsillo Doncel ; _v73 _98628 |
|
| 910 | _aCatalogación por copia / LC | ||
| 999 |
_c7809 _d7809 |
||